000 004710000a22001810004500
003 MACL
005 20150705151040.0
008 150705b xxu||||| |||| 00| 0 eng d
040 _aMACL
_cMACL
041 _aEnglish
082 _a340/MIS
100 _aMishra, Dr Kaushlendra
_9906
245 _aNGOs in The Human Rights Movement
260 _bNavyug Publishers & Distributors
_c2009
_aDelhi
350 _a795
650 _aHuman Right
_9907
942 _cBK
_k340/MIS
_2ddc
999 _c43938
_d43938